[Event "FIDE World Bl Team Pool C"]
[Site "London ENG"]
[Date "2025.06.14"]
[Round "8.5"]
[White "Tokhirjonova, Gulrukhbegim"]
[Black "Sivanandan, Bodhana"]
[Result "0-1"]
[WhiteTitle "IM"]
[BlackTitle "WFM"]
[WhiteElo "2370"]
[BlackElo "2109"]
[WhiteTeam "Uzbekistan"]
[BlackTeam "e-therapeutics"]
[WhiteFideId "14203626"]
[BlackFideId "497592"]
[EventDate "2025.06.14"]
[EventType "team"]

1. e4 e5 2. Nf3 Nf6 3. Nxe5 d6 4. Nf3 Nxe4 5. Nc3 Nxc3 6. dxc3 Be7 7. Bd3 O-O 8.
Be3 Nd7 9. Qd2 Nf6 10. O-O-O Re8 11. h3 Be6 12. Kb1 Nd5 13. Bg5 Bxg5 14. Nxg5
Nf6 15. Rhe1 Qd7 16. f4 Qc6 17. g4 Bc4 18. Qf2 Bxd3 19. cxd3 Qb6 20. Qxb6 axb6
21. a3 Nd5 22. f5 h6 23. Ne4 Nf4 24. h4 d5 25. Nf2 Ng2 26. Rxe8+ Rxe8 27. Rh1
Re2 28. Nd1 Nf4 29. d4 c5 30. dxc5 bxc5 31. g5 h5 32. Rf1 Nd3 33. g6 fxg6 34.
fxg6 Re6 35. Rf5 Rxg6 36. Rxd5 c4 37. Ne3 Rg1+ 38. Kc2 Nf4 39. Rd8+ Kh7 40. Nxc4
Rg4 41. Rd7 Rxh4 42. Rxb7 Rg4 43. a4 h4 44. Ne3 Rg3 45. Nf5 Rg2+ 46. Kb3 h3 47.
Nh4 h2 48. Nxg2 Nxg2 49. a5 h1=Q 50. a6 Ne3 51. Kb4 Qc6 52. Ka5 Nc4+ 53. Kb4
Qxa6 54. Rb5 Nd6 55. Re5 Qb6+ 56. Ka3 Nc4+ 0-1

[Event "FIDE World Bl Team Pool C"]
[Site "London ENG"]
[Date "2025.06.14"]
[Round "8.6"]
[White "Mortazavi, Sami"]
[Black "Imomkuzieva, Nilufarkhon"]
[Result "0-1"]
[BlackTitle "WFM"]
[WhiteElo "1805"]
[BlackElo "2066"]
[WhiteTeam "e-therapeutics"]
[BlackTeam "Uzbekistan"]
[WhiteFideId "343443834"]
[BlackFideId "14216736"]
[EventDate "2025.06.14"]
[EventType "team"]

1. e4 e5 2. Nf3 Nc6 3. Nc3 Nf6 4. Nd5 d6 5. Bb5 Be6 6. Nxf6+ Qxf6 7. O-O a6 8.
Ba4 Be7 9. h3 O-O 10. d3 Qg6 11. Kh1 f5 12. exf5 Bxf5 13. Qe2 Rae8 14. Be3 Bd8
15. Qd2 Bxh3 16. Ng5 Bf5 17. Bb3+ Kh8 18. Nf3 e4 19. Nd4 Nxd4 20. Bxd4 exd3 21.
cxd3 Bg5 22. Qc3 c5 23. Be3 Qh5+ 24. Kg1 Rxe3 25. fxe3 Bxe3+ 26. Rf2 Bxd3 27.
Qxd3 Bxf2+ 28. Kf1 Bg3+ 0-1

[Event "FIDE World Bl Team Pool C"]
[Site "London ENG"]
[Date "2025.06.14"]
[Round "8.1"]
[White "Keymer, Vincent"]
[Black "Zakarian, David"]
[Result "1-0"]
[WhiteTitle "GM"]
[BlackTitle "FM"]
[WhiteElo "2730"]
[BlackElo "2301"]
[WhiteTeam "Germany and Friends"]
[BlackTeam "ANI"]
[WhiteFideId "12940690"]
[BlackFideId "13301276"]
[EventDate "2025.06.14"]
[EventType "team"]

1. c4 Nf6 2. Nf3 d6 3. d4 Nbd7 4. Nc3 e5 5. g3 Be7 6. Bg2 O-O 7. O-O c6 8. e4
Re8 9. h3 Qc7 10. Be3 Bf8 11. d5 a5 12. Rc1 Nc5 13. Bxc5 dxc5 14. Qd2 cxd5 15.
cxd5 Ra6 16. Rfe1 Bd7 17. Bf1 Rb6 18. Qc2 Ra8 19. a4 Ne8 20. b3 Rh6 21. h4 Bg4
22. Nb5 Qe7 23. Be2 Raa6 24. Nh2 Bxe2 25. Qxe2 g5 26. Ng4 Rhb6 27. h5 Nf6 28.
Red1 Nxg4 29. Qxg4 Qf6 30. Rc3 h6 31. Rf3 Qd8 32. Kg2 Rf6 33. d6 Rxf3 34. Qxf3
Qd7 35. Rd5 Rc6 36. Qf6 c4 37. bxc4 Rxc4 38. Qxe5 Rxa4 39. Qf5 Qd8 40. d7 Rb4
41. Nd6 Bxd6 42. Rxd6 a4 43. Rxh6 a3 44. Qh7+ Kf8 45. Qh8+ Ke7 46. Qe5+ Kxd7 47.
Rd6+ Kc7 48. Rxd8+ 1-0

[Event "FIDE World Bl Team Pool C"]
[Site "London ENG"]
[Date "2025.06.14"]
[Round "8.2"]
[White "Kiremitciyan, Ari"]
[Black "Svane, Rasmus"]
[Result "0-1"]
[WhiteTitle "FM"]
[BlackTitle "GM"]
[WhiteElo "2271"]
[BlackElo "2626"]
[WhiteTeam "ANI"]
[BlackTeam "Germany and Friends"]
[WhiteFideId "6373445"]
[BlackFideId "4657101"]
[EventDate "2025.06.14"]
[EventType "team"]

1. Nf3 d5 2. g3 Nd7 3. c4 dxc4 4. Qc2 a6 5. Bg2 Rb8 6. Qxc4 b5 7. Qc2 Bb7 8. a4
e6 9. O-O Ngf6 10. d3 Bd6 11. Nc3 O-O 12. Bg5 h6 13. Bxf6 Nxf6 14. Nd2 Nd5 15.
Nxd5 exd5 16. d4 Qd7 17. e3 Rfc8 18. Nb3 bxa4 19. Nc5 Bxc5 20. Qxc5 Bc6 21. Ra2
Rb5 22. Qc3 Rcb8 23. Rfa1 R8b6 24. h3 Qd6 25. Kh2 Rb3 26. Qc2 Qb4 27. Qf5 Qe7
28. Qc8+ Kh7 29. Qf5+ g6 30. Qc2 Kg7 31. Bf3 Qb4 32. Kg2 Rxb2 33. Rxb2 Qxb2 34.
Qd1 a3 35. Rc1 a2 36. Ra1 a5 37. Qe1 a4 38. h4 h5 39. g4 hxg4 40. Bxg4 Qc2 41.
h5 Rb1 42. Qa5 Rxa1 43. Qxc7 Qe4+ 44. Bf3 Rg1+ 0-1

[Event "FIDE World Bl Team Pool C"]
[Site "London ENG"]
[Date "2025.06.14"]
[Round "8.3"]
[White "Bluebaum, Matthias"]
[Black "Stepanyan, Henrik"]
[Result "1-0"]
[WhiteTitle "GM"]
[WhiteElo "2663"]
[BlackElo "2200"]
[WhiteTeam "Germany and Friends"]
[BlackTeam "ANI"]
[WhiteFideId "24651516"]
[BlackFideId "401030"]
[EventDate "2025.06.14"]
[EventType "team"]

1. d4 d5 2. c4 e6 3. Nc3 c5 4. cxd5 exd5 5. Nf3 Nc6 6. dxc5 d4 7. Na4 Bxc5 8.
Nxc5 Qa5+ 9. Bd2 Qxc5 10. b4 Qb6 11. Qa4 a6 12. e3 dxe3 13. fxe3 Nf6 14. b5 Ne7
15. bxa6+ Bd7 16. Qb3 Rxa6 17. Bxa6 Qxa6 18. Bb4 Ned5 19. Qa3 Qxa3 20. Bxa3 Nxe3
21. Rc1 Nxg2+ 22. Kf2 Nf4 23. Rhe1+ Ne6 24. Rc7 Bc6 25. Rc8+ Kd7 26. Rxh8 Ng4+
27. Kg3 1-0

[Event "FIDE World Bl Team Pool C"]
[Site "London ENG"]
[Date "2025.06.14"]
[Round "8.4"]
[White "Zakarian, Dimitrios Levon"]
[Black "Kollars, Dmitrij"]
[Result "0-1"]
[BlackTitle "GM"]
[WhiteElo "2079"]
[BlackElo "2633"]
[WhiteTeam "ANI"]
[BlackTeam "Germany and Friends"]
[WhiteFideId "453080"]
[BlackFideId "12909572"]
[EventDate "2025.06.14"]
[EventType "team"]

1. d4 Nf6 2. c4 e6 3. Nf3 d5 4. Nc3 c6 5. Bg5 Nbd7 6. e3 Be7 7. Qc2 O-O 8. cxd5
Nxd5 9. Bxe7 Qxe7 10. a3 Re8 11. Bd3 h6 12. O-O Nxc3 13. Qxc3 e5 14. dxe5 Nxe5
15. Nxe5 Qxe5 16. Qc2 Be6 17. Rfd1 a5 18. b3 Red8 19. Bc4 Bf5 20. Qe2 b5 21. f4
Qe4 22. Bxb5 cxb5 23. Qxb5 Qxe3+ 24. Kh1 Rxd1+ 25. Rxd1 Bc2 26. Rf1 Bxb3 27. h3
a4 28. Rf3 Qc1+ 29. Kh2 Qxa3 0-1

[Event "FIDE World Bl Team Pool C"]
[Site "London ENG"]
[Date "2025.06.14"]
[Round "8.5"]
[White "Bashylina, Luisa"]
[Black "Grigoryan, Meri"]
[Result "1-0"]
[WhiteTitle "WFM"]
[BlackTitle "WFM"]
[WhiteElo "2120"]
[BlackElo "1980"]
[WhiteTeam "Germany and Friends"]
[BlackTeam "ANI"]
[WhiteFideId "12983292"]
[BlackFideId "13300571"]
[EventDate "2025.06.14"]
[EventType "team"]

1. d4 d5 2. c4 e5 3. dxe5 d4 4. a3 a5 5. Nf3 Nc6 6. Nbd2 Nge7 7. Nb3 Ng6 8.
Nbxd4 Ncxe5 9. Nxe5 Nxe5 10. e3 c5 11. Nb5 Qxd1+ 12. Kxd1 Bg4+ 13. Kc2 O-O-O 14.
f3 Be6 15. b3 a4 16. Bb2 axb3+ 17. Kxb3 Nc6 18. Bc3 h5 19. Be2 Rg8 20. Rhd1 g5
21. Rxd8+ Nxd8 22. Be5 Nc6 23. Bc3 f5 24. Rd1 Bg7 25. Rd6 Bd7 26. Rg6 Re8 27.
Rxg7 Rxe3 28. Rg8+ Nd8 29. Bd1 Bxb5 30. cxb5 Kc7 31. Kc4 Ne6 32. Bc2 g4 33. Bxf5
gxf3 34. Bxe6 Rxe6 35. gxf3 Kb6 36. Rg5 Rh6 37. Rxc5 h4 38. Bd4 Ka5 39. b6+ Ka6
40. Kb4 Rxb6+ 41. Ka4 Rb4+ 42. axb4 b5+ 43. Rxb5 h3 44. Re5 1-0

[Event "FIDE World Bl Team Pool C"]
[Site "London ENG"]
[Date "2025.06.14"]
[Round "8.6"]
[White "Mesropyan, Hayk"]
[Black "Lobkin, Bohdan"]
[Result "1-0"]
[WhiteElo "1866"]
[BlackElo "1900"]
[WhiteTeam "ANI"]
[BlackTeam "Germany and Friends"]
[WhiteFideId "499455"]
[BlackFideId "34115552"]
[EventDate "2025.06.14"]
[EventType "team"]

1. e4 c5 2. Nf3 Nc6 3. Bb5 Nd4 4. Nxd4 cxd4 5. c3 a6 6. Be2 d5 7. d3 dxc3 8.
Nxc3 d4 9. Nd5 e5 10. f4 Nf6 11. Nxf6+ gxf6 12. a4 Be6 13. f5 Bd7 14. Bd2 Qb6
15. Ra2 Rc8 16. O-O Bb4 17. Qb3 a5 18. Bxb4 Qxb4 19. Qa3 Ke7 20. h3 Kd6 21.
Qxb4+ axb4 22. b3 h5 23. h4 Rc3 24. Rb1 Kc5 25. Kf2 Ra8 26. Ke1 Bc6 27. Kd2 b6
28. Bxh5 Rh8 29. g4 Bb7 30. a5 Ba6 31. axb6 Bxd3 32. b7 Bxb1 33. Ra8 Bxe4 34.
Rxh8 Bxb7 35. Bxf7 Kd6 36. h5 Rh3 37. h6 Ke7 38. Rh7 Bf3 39. Bd5+ Kf8 40. Bxf3
Rxf3 41. Rb7 e4 42. Rxb4 Rg3 43. h7 Kg7 44. h8=Q+ Kxh8 45. Rxd4 Rxb3 46. Rxe4
Kg7 47. Re3 Rb4 48. Rg3 Kh6 49. Ke2 Kg5 50. Kf3 Rb3+ 51. Kg2 Rb2+ 52. Kh3 Kf4
53. Rc3 Rb8 54. Rc4+ Kf3 55. Rc3+ Ke4 56. Kg3 Rb1 57. Rc4+ Kd5 58. Rc2 Ke4 59.
Re2+ Kd5 60. Re6 Rb3+ 61. Kh4 Rb1 62. Rxf6 Ke5 63. Re6+ Kf4 64. Kh5 Rh1+ 65. Kg6
Kxg4 66. Re4+ Kf3 67. Rc4 Rg1+ 68. Kf7 Rh1 69. f6 Rh7+ 70. Ke8 Ra7 71. f7 Ra8+
72. Ke7 Ra7+ 73. Kf6 Ra8 74. Kg7 Ra7 75. Kg8 1-0

[Event "FIDE World Bl Team Pool C"]
[Site "London ENG"]
[Date "2025.06.14"]
[Round "8.1"]
[White "Gan-Erdene, Sugar"]
[Black "Mamedyarov, Shakhriyar"]
[Result "0-1"]
[WhiteTitle "IM"]
[BlackTitle "GM"]
[WhiteElo "2454"]
[BlackElo "2746"]
[WhiteTeam "Mongolia-B"]
[BlackTeam "Generation XYZA"]
[WhiteFideId "4902980"]
[BlackFideId "13401319"]
[EventDate "2025.06.14"]
[EventType "team"]

1. e4 d5 2. exd5 Qxd5 3. Nc3 Qa5 4. d4 Nf6 5. h3 c6 6. Nf3 Bf5 7. Ne5 Nbd7 8.
Nc4 Qc7 9. Qe2 e6 10. g3 Nb6 11. Bf4 Qd8 12. Rd1 Nxc4 13. Qxc4 Bxc2 14. Rd2 Bg6
15. Qb3 Qb6 16. Qc4 Qb4 17. Qe2 Rd8 18. a3 Qa5 19. Qc4 Ne4 20. Rd1 Bxa3 21. Ra1
Bxb2 22. Rxa5 Bxc3+ 23. Ke2 Bxa5 24. Bg2 Nc3+ 25. Kf1 O-O 26. Be3 Nd5 27. Bf3
Bb6 28. Kg2 e5 29. Rd1 Rd7 30. h4 h5 31. Re1 Nxe3+ 32. Rxe3 Rxd4 33. Qb3 e4 34.
Be2 Rd2 35. Bc4 Bxe3 36. Qxe3 Rc2 37. Bb3 Rb2 38. Qc3 Rb1 39. Qc2 e3 40. Qxg6
Rxb3 41. Qxh5 Rb2 42. Qe5 Rxf2+ 43. Kh3 e2 44. Qe3 Rd8 45. Qxf2 Re8 46. Qe1 a5
47. Kg2 a4 48. Kf2 a3 0-1

[Event "FIDE World Bl Team Pool C"]
[Site "London ENG"]
[Date "2025.06.14"]
[Round "8.2"]
[White "Gurel, Ediz"]
[Black "Bilguun, Sumiya"]
[Result "1-0"]
[WhiteTitle "GM"]
[BlackTitle "GM"]
[WhiteElo "2636"]
[BlackElo "2451"]
[WhiteTeam "Generation XYZA"]
[BlackTeam "Mongolia-B"]
[WhiteFideId "44507356"]
[BlackFideId "4901541"]
[EventDate "2025.06.14"]
[EventType "team"]

1. Nf3 d5 2. b3 Nf6 3. Bb2 e6 4. e3 Nbd7 5. Be2 Bd6 6. d4 Ne4 7. O-O f5 8. c4 c6
9. Nbd2 Qf6 10. Ne1 O-O 11. Nd3 g5 12. f3 Bxh2+ 13. Kxh2 Qh6+ 14. Kg1 Ng3 15.
Nf2 Nxf1 16. Nxf1 Nf6 17. Bd3 Bd7 18. Ba3 Rf7 19. Bd6 Rg7 20. Be5 Rf8 21. Qd2 g4
22. fxg4 fxg4 23. Ng3 Qh4 24. Rf1 Rg5 25. Nfh1 Rf7 26. Bxf6 1-0

[Event "FIDE World Bl Team Pool C"]
[Site "London ENG"]
[Date "2025.06.14"]
[Round "8.3"]
[White "Batkhuyag, Munguntuul"]
[Black "Solak, Dragan"]
[Result "0-1"]
[WhiteTitle "IM"]
[BlackTitle "GM"]
[WhiteElo "2356"]
[BlackElo "2591"]
[WhiteTeam "Mongolia-B"]
[BlackTeam "Generation XYZA"]
[WhiteFideId "4900758"]
[BlackFideId "916811"]
[EventDate "2025.06.14"]
[EventType "team"]

1. e4 c6 2. Nc3 d5 3. Nf3 dxe4 4. Nxe4 Nf6 5. Qe2 Nxe4 6. Qxe4 Qd5 7. Qh4 Qe6+
8. Be2 Qg4 9. Qxg4 Bxg4 10. d4 Bxf3 11. Bxf3 e6 12. O-O Bd6 13. Re1 O-O 14. Bd2
Nd7 15. Rad1 a6 16. g3 Rfe8 17. h4 Rac8 18. Kg2 Nf6 19. c4 Rc7 20. Bc3 Nd7 21.
a4 Nf8 22. a5 Ng6 23. h5 Ne7 24. b4 Nf5 25. Kh3 Be7 26. Bg2 Rd8 27. g4 Nd6 28.
Bf1 Bf6 29. Bb2 Rcd7 30. Kg3 g6 31. hxg6 hxg6 32. f4 Ne8 33. Re4 Bg7 34. Be2 Nf6
35. Re3 Nh7 36. Red3 Nf6 37. Bf3 Ne8 38. Ba1 Nc7 39. R3d2 Bf8 40. Bc3 Bg7 41.
Kf2 Bf6 42. Ke3 g5 43. Be4 Ne8 44. Kf3 Nd6 45. Bd3 Nc8 46. Bf1 Ne7 47. Bd3 Kg7
48. Be4 Ng6 49. Bxg6 Kxg6 50. Ke4 gxf4 51. Rh2 Bg5 52. Rdh1 f5+ 53. gxf5+ exf5+
54. Kd3 Re8 55. Bd2 Re4 56. Bc3 Re3+ 57. Kc2 Rde7 58. d5 cxd5 59. cxd5 Rc7 60.
d6 Rcxc3+ 61. Kb2 Rb3+ 62. Ka2 Ra3+ 63. Kb2 Bf6+ 64. Kc2 Ra2+ 65. Kb1 Rxh2 66.
Rxh2 Rd3 0-1

[Event "FIDE World Bl Team Pool C"]
[Site "London ENG"]
[Date "2025.06.14"]
[Round "8.4"]
[White "Erdogmus, Yagiz Kaan"]
[Black "Mungunzul, Bat-Erdene"]
[Result "1-0"]
[WhiteTitle "GM"]
[BlackTitle "WCM"]
[WhiteElo "2626"]
[BlackElo "2337"]
[WhiteTeam "Generation XYZA"]
[BlackTeam "Mongolia-B"]
[WhiteFideId "44599790"]
[BlackFideId "4902831"]
[EventDate "2025.06.14"]
[EventType "team"]

1. Nf3 d5 2. b3 Nf6 3. e3 g6 4. Bb2 Bg7 5. c4 c6 6. d4 O-O 7. Nbd2 b6 8. Bd3 Bb7
9. O-O Nbd7 10. cxd5 Nxd5 11. Nc4 c5 12. Qe2 cxd4 13. Nxd4 Nc5 14. Bc2 e5 15.
Nb5 Qe7 16. Rad1 Rfd8 17. a3 Bc6 18. Nc3 Nxc3 19. Bxc3 Ne4 20. Bb4 Nc5 21. a4 e4
22. a5 Qc7 23. Ba3 Bc3 24. Rc1 Bg7 25. Rfd1 Bf8 26. Bb2 b5 27. Nd2 Qb7 28. Bd4
Ne6 29. Bf6 Rd7 30. Bb1 Bg7 31. Bxg7 Kxg7 32. Qg4 Rad8 33. Qe2 a6 34. b4 Bd5 35.
Nf1 Bc4 36. Qb2+ Kg8 37. Rxd7 Rxd7 38. Qf6 Qd5 39. h4 Qf5 40. Qxf5 gxf5 41. Ng3
Rd5 42. Nh5 Rd2 43. Ng3 Ng7 44. h5 h6 45. f3 Rb2 46. fxe4 fxe4 47. Rd1 Kf8 48.
Bxe4 Rxb4 49. Rd6 Be6 50. Rxa6 Ra4 51. Ra8+ Ke7 52. Bc6 Ra1+ 53. Kh2 b4 54. a6
b3 55. a7 b2 56. Rb8 Rxa7 57. Rxb2 Ra3 58. Re2 Bg4 59. Bf3 Bxf3 60. gxf3 Ra5 61.
Rb2 Nxh5 62. Rb7+ Kf8 63. Ne4 Rd5 64. Kg2 Kg7 65. Rb6 Rf5 66. Nd6 Rg5+ 67. Kf2
Rd5 68. e4 Rd1 69. Nf5+ Kf8 70. Rb8+ 1-0

[Event "FIDE World Bl Team Pool C"]
[Site "London ENG"]
[Date "2025.06.14"]
[Round "8.5"]
[White "Sodbilegt, Naranbold"]
[Black "Salimova, Nurgyul"]
[Result "0-1"]
[WhiteTitle "FM"]
[BlackTitle "IM"]
[WhiteElo "2363"]
[BlackElo "2385"]
[WhiteTeam "Mongolia-B"]
[BlackTeam "Generation XYZA"]
[WhiteFideId "4903528"]
[BlackFideId "2915138"]
[EventDate "2025.06.14"]
[EventType "team"]

1. d4 d5 2. c4 c6 3. Nc3 Nf6 4. e3 g6 5. Nf3 Bg7 6. Be2 O-O 7. O-O dxc4 8. Bxc4
b5 9. Bd3 a6 10. Ne4 Nbd7 11. Bd2 Bb7 12. Nxf6+ Bxf6 13. b4 e5 14. Rc1 Re8 15.
dxe5 Nxe5 16. Nxe5 Bxe5 17. Be2 Qh4 18. g3 Qf6 19. Bf3 Rad8 20. Bg2 Qd6 21. Rc2
Bc8 22. Qc1 Bf5 23. e4 Be6 24. Be3 Bc4 25. Re1 Qxb4 26. f4 Bg7 27. e5 f6 28. Bd2
Qc5+ 29. Be3 Qb4 30. Bxc6 Re6 31. Bg2 fxe5 32. fxe5 Rxe5 33. Bf2 Rxe1+ 34. Bxe1
Qc5+ 35. Bf2 Bd4 36. Qf4 Bxf2+ 37. Qxf2 Rd1+ 0-1

[Event "FIDE World Bl Team Pool C"]
[Site "London ENG"]
[Date "2025.06.14"]
[Round "8.6"]
[White "Yontar, Sabrican Onay"]
[Black "Enkhbayar, Genden"]
[Result "1-0"]
[WhiteElo "1941"]
[BlackElo "1837"]
[WhiteTeam "Generation XYZA"]
[BlackTeam "Mongolia-B"]
[WhiteFideId "6373623"]
[BlackFideId "4928415"]
[EventDate "2025.06.14"]
[EventType "team"]

1. e4 e5 2. Nf3 Nc6 3. Bc4 Bc5 4. c3 d6 5. d4 exd4 6. cxd4 Bb4+ 7. Bd2 Bxd2+ 8.
Nbxd2 Nf6 9. d5 Ne7 10. O-O O-O 11. Rc1 Ng6 12. Qc2 Bg4 13. Be2 Rc8 14. h3 Bd7
15. Qb3 Re8 16. Bd3 c6 17. Qxb7 Rb8 18. Qxa7 cxd5 19. Qd4 dxe4 20. Nxe4 Nxe4 21.
Bxe4 Bb5 22. Rfe1 Ne5 23. Nxe5 dxe5 24. Qxd8 Rbxd8 25. Red1 Rd4 26. Bf3 f5 27.
Bd5+ Kh8 28. f3 Be2 29. Rxd4 exd4 30. Rc2 d3 31. Rd2 Rc8 32. Bb3 Rc1+ 33. Kf2 f4
34. g3 g5 35. h4 h6 36. hxg5 hxg5 37. gxf4 gxf4 38. a4 Kg7 39. a5 Ra1 40. Bc4
Rxa5 41. Bxd3 Rd5 42. Kxe2 Re5+ 43. Be4 Kf6 44. Rd6+ Kg5 45. Rd5 1-0

[Event "FIDE World Bl Team Pool C"]
[Site "London ENG"]
[Date "2025.06.14"]
[Round "8.1"]
[White "Pichot, Alan"]
[Black "Wu, Li"]
[Result "1-0"]
[WhiteTitle "GM"]
[BlackTitle "FM"]
[WhiteElo "2588"]
[BlackElo "2278"]
[WhiteTeam "Duobeniajan Costa Calida ESJ"]
[BlackTeam "Chess Rising Stars"]
[WhiteFideId "110973"]
[BlackFideId "411086"]
[EventDate "2025.06.14"]
[EventType "team"]

1. e4 c5 2. Nf3 g6 3. c4 Nc6 4. d4 cxd4 5. Nxd4 Nf6 6. Nc3 d6 7. f3 Nxd4 8. Qxd4
Bg7 9. Be3 O-O 10. Qd2 Be6 11. Rc1 Qa5 12. Nd5 Qxd2+ 13. Kxd2 Bxd5 14. cxd5 Rfc8
15. Rxc8+ Rxc8 16. g3 Nd7 17. Bh3 Rc7 18. Bxd7 Rxd7 19. b3 a6 20. Rc1 f5 21.
Rc8+ Kf7 22. a4 e6 23. Kd3 Bf6 24. b4 Bd8 25. b5 axb5 26. axb5 exd5 27. exd5 Bf6
28. Bb6 Be5 29. f4 Bf6 30. Bc7 g5 31. b6 gxf4 32. gxf4 Bg7 33. Rb8 Bh6 34. Rxb7
Bxf4 35. Rb8 Bxh2 36. b7 Rxc7 37. Rf8+ 1-0

[Event "FIDE World Bl Team Pool C"]
[Site "London ENG"]
[Date "2025.06.14"]
[Round "8.2"]
[White "Cumming, Rhys"]
[Black "Ibarra Jerez, Jose Carlos"]
[Result "0-1"]
[WhiteTitle "FM"]
[BlackTitle "GM"]
[WhiteElo "2285"]
[BlackElo "2545"]
[WhiteTeam "Chess Rising Stars"]
[BlackTeam "Duobeniajan Costa Calida ESJ"]
[WhiteFideId "470163"]
[BlackFideId "2226332"]
[EventDate "2025.06.14"]
[EventType "team"]

1. e4 c5 2. Nf3 Nc6 3. Bb5 e6 4. Bxc6 bxc6 5. d3 Qc7 6. Nbd2 e5 7. Nc4 f6 8. O-O
Ne7 9. Nh4 d5 10. Ne3 Be6 11. c4 Rd8 12. cxd5 cxd5 13. Bd2 Qb7 14. Rc1 dxe4 15.
dxe4 Qxe4 16. Nf3 Ng6 17. Qe2 Nf4 18. Qb5+ Kf7 19. Rfe1 Nd3 20. Nc4 0-1

[Event "FIDE World Bl Team Pool C"]
[Site "London ENG"]
[Date "2025.06.14"]
[Round "8.3"]
[White "Cuenca Jimenez, Jose Fernando"]
[Black "Navrotescu, Andreea"]
[Result "1-0"]
[WhiteTitle "GM"]
[BlackTitle "WGM"]
[WhiteElo "2487"]
[BlackElo "2333"]
[WhiteTeam "Duobeniajan Costa Calida ESJ"]
[BlackTeam "Chess Rising Stars"]
[WhiteFideId "2255570"]
[BlackFideId "675946"]
[EventDate "2025.06.14"]
[EventType "team"]

1. d4 Nf6 2. Bf4 g6 3. Nc3 d5 4. e3 Bg7 5. h4 h6 6. Nf3 a6 7. Ne5 c5 8. dxc5 Qa5
9. Qd4 Nc6 10. Nxc6 bxc6 11. Be5 O-O 12. a3 Bf5 13. b4 Qd8 14. Bd3 Bxd3 15. cxd3
Ne8 16. Bxg7 Nxg7 17. O-O Nf5 18. Qf4 e6 19. g3 d4 20. exd4 Qxd4 21. Qxd4 Nxd4
22. Kg2 Rfd8 23. Rfd1 a5 24. Ne4 axb4 25. axb4 Rxa1 26. Rxa1 Nc2 27. Rb1 Rxd3
28. b5 cxb5 29. Rxb5 Rd4 30. Nd6 Rd5 31. c6 Rxd6 32. c7 Rc6 33. Rb8+ Kg7 34.
c8=Q Rxc8 35. Rxc8 Nd4 36. Rc4 Nf5 37. Kf3 h5 38. Kf4 Kf6 39. Rc7 Ne7 40. Ra7
Nf5 41. Ke4 Ne7 42. Rb7 Nf5 43. Rd7 Ne7 44. Kd4 Nf5+ 45. Kc5 Ne7 46. Ra7 Nd5 47.
Kd6 Nc3 48. Kd7 Ne4 49. Ke8 Nd6+ 50. Kf8 Kf5 51. Kg7 Ke4 52. Rd7 Nf5+ 53. Kxf7
Kf3 54. Rd2 e5 55. Kxg6 Nd4 56. Kxh5 1-0

[Event "FIDE World Bl Team Pool C"]
[Site "London ENG"]
[Date "2025.06.14"]
[Round "8.4"]
[White "Tsaknakis, Zisis"]
[Black "Camacho Collados, Marcos"]
[Result "1-0"]
[WhiteTitle "FM"]
[BlackTitle "IM"]
[WhiteElo "2333"]
[BlackElo "2462"]
[WhiteTeam "Chess Rising Stars"]
[BlackTeam "Duobeniajan Costa Calida ESJ"]
[WhiteFideId "4259963"]
[BlackFideId "2266237"]
[EventDate "2025.06.14"]
[EventType "team"]

1. e4 c5 2. Nf3 e6 3. d4 cxd4 4. Nxd4 Nc6 5. Nc3 Bc5 6. Nb3 Bb4 7. Bd2 Nf6 8.
Bd3 O-O 9. O-O d5 10. exd5 exd5 11. a3 Bd6 12. Nb5 Bb8 13. Re1 d4 14. Bg5 h6 15.
Bh4 Kh8 16. Bf1 a6 17. N5xd4 Ne5 18. Bg3 Neg4 19. Bxb8 Rxb8 20. h3 Nxf2 21. Kxf2
Qc7 22. Qf3 a5 23. a4 b6 24. Qg3 Qd8 25. Qxb8 Nd5 26. Qg3 Bb7 27. Bd3 Qf6+ 28.
Kg1 Nb4 29. Rf1 Qd8 30. Nf5 g6 31. Nxh6 Kg7 32. Nf5+ Kg8 33. Rae1 Nd5 34. Re5
Nf6 35. Ne7+ Kg7 36. Nxg6 fxg6 37. Qxg6+ Kh8 38. Rh5+ Nxh5 39. Qh7# 1-0

[Event "FIDE World Bl Team Pool C"]
[Site "London ENG"]
[Date "2025.06.14"]
[Round "8.5"]
[White "Khotenashvili, Bella"]
[Black "Mihailidou, Magdalini"]
[Result "1-0"]
[WhiteTitle "GM"]
[WhiteElo "2418"]
[BlackElo "1922"]
[WhiteTeam "Duobeniajan Costa Calida ESJ"]
[BlackTeam "Chess Rising Stars"]
[WhiteFideId "13602640"]
[BlackFideId "25801236"]
[EventDate "2025.06.14"]
[EventType "team"]

1. Nf3 Nf6 2. g3 d5 3. Bg2 e6 4. O-O Bd6 5. d3 h6 6. Nbd2 O-O 7. e4 Nbd7 8. Re1
dxe4 9. dxe4 e5 10. Nc4 Qe7 11. Nh4 Nb6 12. Nxd6 cxd6 13. b3 Rd8 14. c4 Nbd7 15.
Nf5 Qf8 16. Qxd6 Qxd6 17. Nxd6 Nc5 18. Ba3 b6 19. Rad1 Be6 20. Bxc5 bxc5 21. Nb7
Rdc8 22. Na5 Rc7 23. f3 Kh7 24. h4 Ng8 25. Kh2 Ne7 26. Bh3 Bxh3 27. Kxh3 f6 28.
Rd6 Rac8 29. Red1 f5 30. Re6 fxe4 31. fxe4 Ng8 32. Rxe5 Nf6 33. Rd6 Re8 34. Rxe8
Nxe8 35. Re6 Nf6 36. e5 Ne4 37. Re8 Rf7 38. e6 Rf3 39. e7 Rxg3+ 40. Kh2 Re3 41.
Rh8+ Kg6 42. e8=Q+ 1-0

[Event "FIDE World Bl Team Pool C"]
[Site "London ENG"]
[Date "2025.06.14"]
[Round "8.6"]
[White "Kennedy, Aden"]
[Black "Torres, Lucas"]
[Result "0-1"]
[WhiteElo "1950"]
[BlackElo "1897"]
[WhiteTeam "Chess Rising Stars"]
[BlackTeam "Duobeniajan Costa Calida ESJ"]
[WhiteFideId "343401015"]
[BlackFideId "1769464"]
[EventDate "2025.06.14"]
[EventType "team"]

1. e4 e6 2. d4 d5 3. e5 c5 4. c3 Nc6 5. Nf3 Qb6 6. Bd3 cxd4 7. cxd4 Bd7 8. O-O
Nxd4 9. Nxd4 Qxd4 10. Nc3 a6 11. Re1 Ne7 12. Qf3 Nc6 13. Bf4 Qb6 14. Rad1 Qxb2
15. Bb1 Qb6 16. Bc2 Qa5 17. Kf1 Bb4 0-1

[Event "FIDE World Bl Team Pool C"]
[Site "London ENG"]
[Date "2025.06.14"]
[Round "8.1"]
[White "Momunaliev, Ruslan"]
[Black "Samadov, Read"]
[Result "0-1"]
[WhiteTitle "CM"]
[BlackTitle "IM"]
[WhiteElo "2214"]
[BlackElo "2522"]
[WhiteTeam "Youth KG"]
[BlackTeam "Rookies"]
[WhiteFideId "13812211"]
[BlackFideId "13417444"]
[EventDate "2025.06.14"]
[EventType "team"]

1. e4 c5 2. Nf3 d6 3. Bb5+ Bd7 4. Bxd7+ Qxd7 5. c4 Nf6 6. Nc3 Nc6 7. d4 Qg4 8.
O-O cxd4 9. Nxd4 Qxd1 10. Rxd1 g6 11. f3 Nxd4 12. Rxd4 Bg7 13. Be3 O-O 14. Rd3
Rfc8 15. b3 Nd7 16. Bd4 Nc5 17. Rdd1 Bxd4+ 18. Rxd4 Kf8 19. Re1 f6 20. Nd5 Kf7
21. f4 Nd7 22. Nc3 a6 23. Re3 Rc6 24. a4 Rg8 25. h4 Rc5 26. g4 g5 27. hxg5 fxg5
28. e5 gxf4 29. Rxf4+ Kg6 30. exd6 exd6 31. Re6+ Kg5 32. Rf7 Ne5 33. Ne4+ Kxg4
34. Nf6+ Kh3+ 35. Kh1 0-1